Inferno. Peklo

Podrobná bibliografia
Hlavný autor: Brown, Dan, 1964- (Autor)
Ďalší autori: Kořínek, Otakar, 1946-2025 (Prekladateľ)
Médium: Kniha
Jazyk:slovenčina
angličtina
Fyzický popis:549 s. sch 22 cm
Vydavateľské údaje: Bratislava Ikar 2013
ISBN:9788055135465
Predmet:

MARC

LEADER 00000cam a2200000 a 4500
001 vtls010538959
003 SK-MaSNL
005 20260302083220.0
008 240313s2013 xo a g 000 f slo
015 |a SNBA2014/01 
020 |a 9788055135465  |q (viaz.) 
035 |a urn:nbn:sk:snk-am00a1gb 
035 |a urn:nbn:sk:snk-am3hd4j 
035 |a 4D0FC74F-7B29-497E-9D44-A42421DC93E1 
040 |a SNK  |b slo  |c SNK  |e AACR2 
041 1 |a slo  |h eng 
044 |a xo  |c SK 
072 7 |a 821.111(73)-3  |x Americká próza  |2 konspekt 
080 |a 821.111(73)-31  |2 2001 
080 |a (0:82-312.4)  |2 2001 
100 1 |a Brown, Dan,  |d 1964-  |4 aut  |9 206683 
240 1 0 |a Inferno  |l Slovensky 
245 1 0 |a Inferno. Peklo  |c Dan Brown ; [z anglického originálu] preložil Otakar Kořínek 
246 3 |a Peklo. Inferno 
260 |a Bratislava  |b Ikar  |c 2013 
300 |a 549 s.  |b sch  |c 22 cm 
655 7 |a americké romány  |2 SNKPH  |9 1174 
655 7 |a trilery (romány)  |2 SNKPH  |9 151146 
655 7 |a American fiction  |2 SNKPHeng  |9 281076 
655 7 |a Thrillers (novels)  |2 SNKPHeng  |9 310918 
700 1 |a Kořínek, Otakar,  |d 1946-2025  |4 trl  |9 21456 
919 |a 978-80-551-3546-5 
958 |a UP 
958 |a LX 
968 |b ENG 
999 |c 1183000  |d 1184930 
952 |a SNK  |b SNK  |y PREZ  |7 0  |p 17A1081788  |o snkSC 156003  |i snk2013/20563  |8 0  |0 0  |1 0  |4 0  |d 2013-09-06  |f 1  |l 0  |r 2025-08-18 00:00:00  |w 2026-02-24 
952 |a SNK  |b SNK  |y PREZ  |7 0  |p 17A1090896  |o snkSC 156003 D1  |i snk2013/24401  |8 0  |0 0  |1 0  |4 0  |d 2013-10-10  |l 0  |r 2026-02-24 21:45:23  |w 2026-02-24